export_success — 

ASEAN - Japan statistical pocketbook : 2008.

Bibliographic Details
Format: Book
Published: Tokyo: ASEAN Centre, 2008.
Subjects:
LEADER 00740cam a2200289 7i4500
001 0000022876
005 20090609090000.0
090 0 0 |a STAT 310.9   |b ASE (ASEA) 
245 0 0 |a ASEAN - Japan statistical pocketbook :   |b 2008. 
260 0 0 |a Tokyo:   |b ASEAN Centre,   |c 2008. 
300 # # |a 111 p. 
650 0 0 |a Statistics --   |z ASEAN  
650 0 0 |a Statistics --   |z Japan  
651 0 0 |a China  
651 0 0 |a Cambodia  
651 0 0 |a Laos  
651 0 0 |a Myanmar  
651 0 0 |a Japan  
651 0 0 |a Brunei Darussalam  
651 0 0 |a Vietnam  
651 0 0 |a ASEAN  
651 0 0 |a Malaysia  
651 0 0 |a Indonesia  
651 0 0 |a Singapore  
651 0 0 |a Philippines  
651 0 0 |a Thailand  
999 |a 0000024080  |b Book  |c Statistics  |e Business Information Centre